|
|
|
|
| LEADER |
00000caa a2200000 c 4500 |
| 001 |
1868611086 |
| 003 |
DE-627 |
| 005 |
20240320160400.0 |
| 007 |
cr uuu---uuuuu |
| 008 |
231027s2023 xx |||||oo 00| ||ger c |
| 024 |
7 |
|
|a 10.3224/zrex.v3i2.10
|2 doi
|
| 035 |
|
|
|a (DE-627)1868611086
|
| 035 |
|
|
|a (DE-599)KXP1868611086
|
| 040 |
|
|
|a DE-627
|b ger
|c DE-627
|e rda
|
| 041 |
|
|
|a ger
|
| 084 |
|
|
|a 2,1
|2 ssgn
|
| 100 |
1 |
|
|a Jaschke, Hans-Gerd
|d 1952-
|e VerfasserIn
|0 (DE-588)115455639
|0 (DE-627)077262646
|0 (DE-576)161577903
|4 aut
|
| 109 |
|
|
|a Jaschke, Hans-Gerd 1952-
|a Jaschke, Hans Gerd 1952-
|a Jaschke 1952-
|a Jaschke, Hans G. 1952-
|
| 245 |
1 |
0 |
|a [Rezension von: Amlinger, Carolin, 1984-, Gekränkte Freiheit]
|c Hans-Gerd Jaschke
|
| 264 |
|
1 |
|c 2023
|
| 336 |
|
|
|a Text
|b txt
|2 rdacontent
|
| 337 |
|
|
|a Computermedien
|b c
|2 rdamedia
|
| 338 |
|
|
|a Online-Ressource
|b cr
|2 rdacarrier
|
| 506 |
0 |
|
|a Open Access
|e Controlled Vocabulary for Access Rights
|q DE-2619
|u http://purl.org/coar/access_right/c_abf2
|
| 540 |
|
|
|q DE-2619
|a Namensnennung 4.0 International
|f CC BY 4.0
|2 cc
|u https://creativecommons.org/licenses/by/4.0/
|
| 655 |
|
7 |
|a Rezension
|0 (DE-588)4049712-4
|0 (DE-627)106186019
|0 (DE-576)209083166
|2 gnd-content
|
| 700 |
1 |
|
|a Amlinger, Carolin
|d 1984-
|e VerfasserIn des Bezugswerks
|0 (DE-588)104687473X
|0 (DE-627)777355833
|0 (DE-576)400187124
|4 ant
|
| 700 |
1 |
|
|a Nachtwey, Oliver
|d 1975-
|e VerfasserIn des Bezugswerks
|0 (DE-588)130077062
|0 (DE-627)489620108
|0 (DE-576)189038349
|4 ant
|
| 773 |
0 |
8 |
|i Enthalten in
|t ZRex
|d Leverkusen-Opladen : Verlag Barbara Budrich, 2021
|g 3(2023), 2, Seite [263]-265
|h Online-Ressource
|w (DE-627)1728794080
|w (DE-600)3036280-5
|x 2701-9632
|7 nnas
|
| 773 |
1 |
8 |
|g volume:3
|g year:2023
|g number:2
|g pages:[263]-265
|
| 787 |
0 |
8 |
|i Rezension von
|a Amlinger, Carolin, 1984 -
|t Gekränkte Freiheit
|b Originalausgabe
|d Berlin : Suhrkamp, 2022
|h 478 Seiten
|w (DE-627)1797803670
|z 3518430718
|z 9783518430712
|
| 787 |
0 |
8 |
|i Rezension von
|a Amlinger, Carolin, 1984 -
|t Gekränkte Freiheit
|d Berlin : Suhrkamp Verlag, 2022
|h 1 Online-Ressource (478 Seiten)
|w (DE-627)1830047426
|z 9783518773819
|
| 856 |
|
|
|u https://budrich-journals.de/index.php/zrex/article/download/42769/36634
|x unpaywall
|z Vermutlich kostenfreier Zugang
|h publisher [deprecated]
|
| 856 |
4 |
0 |
|u https://doi.org/10.3224/zrex.v3i2.10
|x Resolving-System
|z kostenfrei
|3 Volltext
|7 0
|
| 951 |
|
|
|a AR
|
| ELC |
|
|
|a 1
|
| LOK |
|
|
|0 000 xxxxxcx a22 zn 4500
|
| LOK |
|
|
|0 001 4399233400
|
| LOK |
|
|
|0 003 DE-627
|
| LOK |
|
|
|0 004 1868611086
|
| LOK |
|
|
|0 005 20231027115132
|
| LOK |
|
|
|0 008 231027||||||||||||||||ger|||||||
|
| LOK |
|
|
|0 040
|a DE-2619
|c DE-627
|d DE-2619
|
| LOK |
|
|
|0 092
|o n
|
| LOK |
|
|
|0 852
|a DE-2619
|
| LOK |
|
|
|0 852 1
|9 00
|
| LOK |
|
|
|0 939
|a 27-10-23
|b l01
|
| OAS |
|
|
|a 1
|
| ORI |
|
|
|a SA-MARC-krimdoka001.raw
|